000
00428nam a2200133Ia 4500
008
151001s9999||||xx |||||||||||||| ||und||
100
_a
शं र फाटक
245
_a
लक्षण भावना कोश
250
_a
4
260
_b
महाराष्ट्र राज्य साहित्य संस्कुती मंडळ मुंबई
260
_c
2005
300
_a
565
365
_b
21
999
_c
1000778
_d
1000775